Hoofdsteden per Letter - C - Statistieken

Algemene statistieken
  • Deze quiz is 1.919 keer genomen
    1.906 sinds de laatste reset
  • De gemiddelde score is 4 van 7
Antwoordstatistieken
Land Hoofdstad % Correct
Australië Canberra
79%
Venezuela Caracas
76%
Egypte Caïro
71%
Moldavië Chisinau
70%
St. Lucia Castries
43%
Guinee Conakry
43%
Benin Cotonou
22%
Geen overeenkomende quizzen gevonden
Scoreverdeling
Procent van Mensen met Elke Score
Percentiel versus Aantal Correcte Antwoorden
Uw Scoregeschiedenis
U heeft deze quiz nog niet genomen sinds de laatste reset